Top 4 at the AFC Asian Cup - Statistics

General Stats
  • This quiz has been taken 118 times
  • The average score is 67 of 72
Answer Stats
Edition Position Nation % Correct
United Arab Emirates 2019 1st Qatar
100%
Qatar 2023 1st Qatar
100%
2011 Qatar 2nd Australia
99%
Australia 2015 1st Australia
99%
1992 Japan 1st Japan
99%
2000 Lebanon 1st Japan
99%
2004 China 1st Japan
99%
2007 Indonesia & Malaysia & Thailand & Vietnam 4th Japan
99%
2011 Qatar 1st Japan
99%
United Arab Emirates 2019 2nd Japan
99%
1976 Iran 3rd China
98%
1984 Singapore 2nd China
98%
1988 Qatar 4th China
98%
1992 Japan 3rd China
98%
2000 Lebanon 4th China
98%
2004 China 2nd China
98%
1968 Iran 1st Iran
98%
1972 Thailand 1st Iran
98%
1976 Iran 1st Iran
98%
1980 Kuwait 3rd Iran
98%
1984 Singapore 4th Iran
98%
1988 Qatar 3rd Iran
98%
1996 UAE 3rd Iran
98%
2004 China 3rd Iran
98%
United Arab Emirates 2019 3rd Iran
98%
Qatar 2023 3rd Iran
98%
1956 Hong Kong 1st South Korea
98%
1960 South Korea 1st South Korea
98%
1964 Israel 3rd South Korea
98%
1972 Thailand 2nd South Korea
98%
1980 Kuwait 2nd South Korea
98%
1988 Qatar 2nd South Korea
98%
2000 Lebanon 3rd South Korea
98%
2007 Indonesia & Malaysia & Thailand & Vietnam 3rd South Korea
98%
2011 Qatar 3rd South Korea
98%
Australia 2015 2nd South Korea
98%
Qatar 2023 3rd South Korea
98%
1992 Japan 4th United Arab Emirates
98%
1996 UAE 2nd United Arab Emirates
98%
Australia 2015 3rd United Arab Emirates
98%
United Arab Emirates 2019 3rd United Arab Emirates
98%
1976 Iran 4th Iraq
97%
2007 Indonesia & Malaysia & Thailand & Vietnam 1st Iraq
97%
Australia 2015 4th Iraq
97%
1984 Singapore 1st Saudi Arabia
96%
1988 Qatar 1st Saudi Arabia
96%
1992 Japan 2nd Saudi Arabia
96%
1996 UAE 1st Saudi Arabia
96%
2000 Lebanon 2nd Saudi Arabia
96%
2007 Indonesia & Malaysia & Thailand & Vietnam 2nd Saudi Arabia
96%
1956 Hong Kong 2nd Israel
95%
1960 South Korea 2nd Israel
95%
1964 Israel 1st Israel
95%
1968 Iran 3rd Israel
95%
1972 Thailand 3rd Thailand
91%
1964 Israel 2nd India
90%
1976 Iran 2nd Kuwait
90%
1980 Kuwait 1st Kuwait
90%
1984 Singapore 3rd Kuwait
90%
1996 UAE 4th Kuwait
90%
1980 Kuwait 4th North Korea
90%
1956 Hong Kong 4th South Vietnam
90%
1960 South Korea 4th South Vietnam
90%
Qatar 2023 2nd Jordan
89%
2004 China 4th Bahrain
82%
2011 Qatar 4th Uzbekistan
77%
1960 South Korea 3rd Republic of China
72%
1968 Iran 4th Republic of China
72%
1956 Hong Kong 3rd Hong Kong
71%
1964 Israel 4th Hong Kong
71%
1968 Iran 2nd Burma
66%
1972 Thailand 4th Khmer Republic
61%
No matching quizzes found
Score Distribution
Percent of People with Each Score
Percentile by Number Answered
Your Score History
You have not taken this quiz